header

Primates face to face (Record no. 42987)

MARC details
000 -LEADER
fixed length control field 01523nam a22003494a 4500
082 04 - DEWEY DECIMAL CLASSIFICATION NUMBER
Classification number 333.95/9816
245 00 - TITLE STATEMENT
Title Primates face to face
260 ## - PUBLICATION, DISTRIBUTION, ETC. (IMPRINT)
Place of publication Cambridge, UK ;
-- New York, NY :
Name of publisher Cambridge University Press,
Year of publication 2002.
300 ## - PHYSICAL DESCRIPTION
Number of Pages xvi, 340 p. :
Other physical details ill., maps.
490 1# - SERIES STATEMENT
Series statement Cambridge studies in biological and evolutionary anthropology ;
650 #0 - SUBJECT ADDED ENTRY--TOPICAL TERM
Topical Term Primates
Topical Term Wildlife conservation.
Topical Term Human-animal relationships.
700 1# - ADDED ENTRY--PERSONAL NAME
Personal name Fuentes, Agustin.
Personal name Wolfe, Linda D.,
856 40 - ELECTRONIC LOCATION AND ACCESS
Uniform Resource Identifier http://site.ebrary.com/lib/rucke/Doc?id=10070287

No items available.

© 2026 Rongo University
Contact us: librarian | system librarian | Rongo university